Multiple Choice Color Identification - Statistics

General Stats
  • This quiz has been taken 36,593 times
  • The average score is 10 of 15
Answer Stats
Question Answer % Correct
Burgundy
92%
Teal
92%
Crimson
91%
Fuchsia
84%
Cyan
77%
Ecru
73%
Pistachio
70%
Periwinkle
69%
Mauve
59%
Robin egg blue
58%
Vermillion
58%
Puce
54%
Cerulean
51%
Chartreuse
43%
Taupe
28%
No matching quizzes found
Score Distribution
Percent of People with Each Score
Percentile by Number Answered
Your Score History
You have not taken this quiz